| 000 | 01015nam a22002777a 4500 | ||
|---|---|---|---|
| 005 | 20150328133740.0 | ||
| 008 | 141022t2014 maua fr 001 0 eng d | ||
| 020 | _a9781449699628 | ||
| 040 | _aEG-ScBUE | ||
| 082 | 0 | 0 |
_222 _a616.075 _bRHO |
| 100 | 1 |
_aRhoads, Jacqueline, _936298 _d1948- |
|
| 245 | 1 | 0 |
_aAdvanced health assessment and diagnostic reasoning / _cJacqueline Rhoads, Sandra Wiggins Petersen. |
| 250 | _a2nd ed. | ||
| 260 |
_aBurlington : _bJones & Bartlett Learning, _cc.2014. |
||
| 300 |
_ax, 502 p. : _bill. (col.) ; _c28 cm. |
||
| 500 | 1 | _aIncludes appendixes. | |
| 500 | _aIndex : p. 487-502. | ||
| 500 | _aIncludes online access code. | ||
| 650 | 0 |
_923530 _aNursing assessment _vHandbooks, manuals, etc. |
|
| 650 | 0 |
_928882 _aPhysical diagnosis _vHandbooks, manuals, etc. |
|
| 650 | 2 | 0 |
_aDiagnostic Techniques and Procedures _936300 |
| 653 |
_bNNUR _cOctober2014 _cMarch2015 |
||
| 655 |
_vreading book _934232 |
||
| 700 | 1 |
_aPetersen, Sandra Wiggins, _936299 _d1955- |
|
| 942 |
_2ddc _k616.075 RHO |
||
| 999 |
_c18487 _d18459 |
||